000 01979nam a22003614i 4500
999 _c64583
_d64583
001 139024
003 CO-MdFUSB
005 20190202100526.0
008 870325s1971 nyu 00010 eng d
020 _a0935008276
040 _aCO-MdFUSB
_bspa
_cCO-MdFUSB
_dCO-MdFUSBC
_erda
041 1 _aeng
_heng
082 _223
_a253
_bN372
100 1 0 _aNee, Watchman.
_eautor
245 1 4 _aThe ministry of God's word
_c/ Watchman Nee.
264 1 _aNew York :
_bChristian Fellowship Publishers,
_c℗[1971]
264 4 _cc1971.
300 _a282 páginas ;
_c22 cm
336 _2rdacontent
_atexto
_btxt
337 _2rdamedia
_asin mediación
_bn
338 _2rdacarrier
_avolumen
_bnc
500 _a"El contenido de este volumen comprende una serie de mensajes que fueron entregados en chino por el autor durante un período de capacitación para los trabajadores en Kuling, Foochow, China, 1948".
505 _tParte uno. El ministro.
_a1. Tres clases de ministros -- 2. El contenido y entrega del mundo -- 3. El curso y el ministerio de Pablo -- 4. La punta del ministerio del mundo
505 _tParte dos. La palabra de Dios
_a5. Las bases del mundo -- 6. La necesidad por la interpretación del Espíritu Santo -- 7. La necesidad por la revelación del Espíritu Santo -- 8. Palabras de Dios en Cristo -- 9. Conociendo la Palabra de Dios a través de Cristo
505 _tParte tres. El ministerio
_a10. La fundación del ministerio -- 11. Revelación y pensamiento -- 12. Carga y palabra -- 13. La disciplina del Espíritu Santo y la palabra -- 14. La palabra y la memoria -- 15. La palabra y el sentimiento -- 16. La palabra y la liberación del Espíritu -- 17. algunas ayudas al hablar
505 _tParte cuatro. Los objetivos de la palabra
_a18. Los objetivos de la palabra
563 _aTapa rústica
650 0 _aTeología práctica
_9180
942 _cBK